00792nam a2200193 i 450000100060000000300090000600500170001500700030003200800410003510000190007624502340009526000590032930000300038849000420041865000550046070000200051583000420053585200210057776276ES-MaACL20230906172800.0t|040930s1934 fr ||||1| fre d1 aGroos, René.14aLes Lettres b: avec des dessins de C. Abin, Axelle, J. De Bosschère, J. Cocteau, R. Delaunay, A. de Noailles, Picasso, Prybil, Carlo Rim, A. Rouveyre, Sikorska, Th. Stravinsky et F. Vallotton / cRené Groos et Gonzague Truc. aParis : bDenoël et Steele, c1934 (fR. Bussiére) a356 p. : bil. ; c21 cm.1 aTableau du XX'siecle, 1900-1933 ; v4 4aLiteratura francesa-yS.XX-xHistoria y crítica.1 aTruc, Gonzogne.0 aTableau du XX'siecle, 1900-1933 ; v4 aES-MaACLjA-2381